Paraíso - Pau Muro, Lenny Tavárez - Estadísticas

Estadísticas generales
  • Esta prueba ha sido intentada 26 veces
  • La puntuación promedio es 75 de 312
Estadísticas de respuestas
Letra % Correcto
me
100%
no
100%
No
100%
que
100%
Que
100%
a
50%
al
50%
aunque
50%
de
50%
deje
50%
El
50%
el
50%
en
50%
es
50%
fuera
50%
mi
50%
pa
50%
paraíso
50%
puede
50%
quiera
50%
quieras
50%
Quiéreme
50%
se
50%
y
50%
2
0%
acerco
0%
aguantes
0%
amanecer
0%
Amanecer
0%
amante
0%
Ames
0%
Así
0%
besos
0%
bien
0%
boca
0%
boricua
0%
Cada
0%
cama
0%
canelo
0%
capaz
0%
cielo
0%
como
0%
conocer
0%
contigo
0%
Contigo
0%
creo
0%
Cuando
0%
cuate
0%
Dale
0%
Después
0%
Dios
0%
dormir
0%
droga
0%
Eden
0%
enseñes
0%
entenderé
0%
entras
0%
eres
0%
Eres
0%
este
0%
Este
0%
estoy
0%
flow
0%
ganas
0%
guantes
0%
güera
0%
hacerlo
0%
hospedate
0%
Hoy
0%
ir
0%
La
0%
la
0%
lado
0%
las
0%
le
0%
Llevate
0%
lo
0%
loca
0%
los
0%
manera
0%
más
0%
mejor
0%
Mira
0%
mortales
0%
muero
0%
mujer
0%
mujeres
0%
na
0%
noche
0%
noches
0%
nota
0%
O
0%
otra
0%
otro
0%
pal
0%
Parece
0%
pasajero
0%
pedazo
0%
perdonen
0%
permiso
0%
pero
0%
picante
0%
pides
0%
pido
0%
poner
0%
poquito
0%
por
0%
prefieres
0%
probar
0%
quedar
0%
Quédate
0%
quédate
0%
quede
0%
quedo
0%
querer
0%
Quién
0%
quieren
0%
quieres
0%
quiero
0%
regálame
0%
regale
0%
rico
0%
salir
0%
sea
0%
Si
0%
si
0%
siente
0%
Sin
0%
somos
0%
soy
0%
Soy
0%
sube
0%
subo
0%
superpoderes
0%
también
0%
te
0%
terminar
0%
ti
0%
Tienes
0%
tienes
0%
toca
0%
todo
0%
0%
tu
0%
tus
0%
un
0%
una
0%
va
0%
vamos
0%
van
0%
ven
0%
verte
0%
vez
0%
voy
0%
yo
0%
Yo
0%
No se encontraron pruebas coincidentes
Distribución de puntuación
Porcentaje de gente con cada puntuación
Porcentaje por número respondido
Historial de tus puntuaciones
No has intentado esta prueba.